| 000 | 00891nam a2200241 a 4500 | ||
|---|---|---|---|
| 005 | 20251023063911.0 | ||
| 008 | 991125s1988 mx 000 0 spa u | ||
| 035 | _aUPN01000000855 | ||
| 049 | _aSEP | ||
| 050 | 4 |
_aL227 D45 _bB2.63171 |
|
| 110 | 1 |
_aMéxico. _bDirección General de Educación Normal _928127 |
|
| 245 | 1 | 0 |
_aAdministración educativa : _boctavo semestre / _cDirección General de Educación Normal. |
| 260 |
_aMéxico : _bSEP, Dirección General de Educación Normal, _c1988. |
||
| 300 | _a96 h. | ||
| 500 | _a"Licenciatura en Educación Especial" | ||
| 500 | _a"Area tronco común" | ||
| 500 | _a"Proyecto estratégico 01. Sistema Integral de Formación del Magisterio" | ||
| 650 | 4 |
_aAdministración educativa _9498 |
|
| 650 | 4 |
_aMaestros _xFormacion profesional _vPlanes y programas _9813 |
|
| 650 | 4 |
_aEducación y Estado _919 |
|
| 905 | _aLibro | ||
| 999 |
_c855 _d855 |
||